| 000 | 01713nam a22003137a 4500 | ||
|---|---|---|---|
| 999 |
_c21504 _d21504 |
||
| 003 | AR-CdUCM | ||
| 008 | 190220b ||||| |||| 00| 0 spa d | ||
| 020 | _a9789972514616 | ||
| 040 |
_aMUNICIPALIDAD PROVINCIAL DEL CUSCO _cBIBLIOTECA MUNICIPAL DEL CUSCO |
||
| 082 |
_a869.568/C93 _bC93 |
||
| 245 |
_aArguedas, el Perú y las ciencias sociales : _bnuevas lecturas / _cJorge Ccahuana Córdova, David Durand, Hugo González,...[et al.] ; editores Ricardo Cuenca, Ramón Pajuelo. |
||
| 260 |
_aLima : _bInstituto de Estudios Peruanos, IEP, _bDerrama Magisterial, _c2014. |
||
| 300 |
_a292 páginas. : _c21 cm. |
||
| 440 |
_aSerie Letras contemporáneas, _n16. _945125 |
||
| 500 |
_zIncluye bibliografía. _aEste libro contiene los trabajos ganadores del concurso de ensayos para jóvenes investigadores "Arguedas, el Perú y las ciencias sociales: nuevas lecturas", convocado por el IEP en 2011 al cumplirse el primer centenario del nacimiento de José María Arguedas. El volumen incluye también algunas de las ponencias presentadas en el seminario realizado con el mismo título en el verano de 2012, donde se discutieron los ensayos premiados"--p. 3 de la cubierta. |
||
| 650 |
_aArguedas, José María _945126 |
||
| 650 |
_aEnsayos peruanos _945127 |
||
| 650 |
_aCiencias sociales _91096 |
||
| 650 |
_aIndigenismo en la literatura _945128 |
||
| 650 |
_aCrítica e interpretación _91144 |
||
| 700 |
_aCcahuana Córdova, Jorge _945129 |
||
| 700 |
_aDurand, David _945130 |
||
| 700 |
_aGonzález, Hugo _945131 |
||
| 700 |
_aCuenca, Ricardo (editor) _945132 |
||
| 700 |
_aPajuelo, Ramón (editor) _945133 |
||
| 710 |
_aInstituto de Estudios Peruanos (Lima) _99759 |
||
| 942 |
_2ddc _cLIBROS |
||
| 945 | _aRoel | ||